Cercami : [romanzo] /

Gespeichert in:
Bibliographische Detailangaben
1. Verfasser: Aciman, André (Verfasst von)
Weitere Verfasser: Bastia, Valeria (Übersetzung)
Format: Buch
Sprache:Italienisch
Veröffentlicht: Milano : Ugo Guanda, 2019
Schriftenreihe:Narratori della fenice
Tags: Tag hinzufügen
Keine Tags, Fügen Sie das erste Tag hinzu!

MARC

LEADER 00000nam a22000007i 4500
001 IT\ICCU\RAV\2100552
003 ItRI
005 20260115232053.0
008 191030s2019 it |||||| ||||| |||||c
020 |a 9788823522909 
040 |b ita  |c importazione bologna sebina 
041 7 |a ita  |2 ISO-639-2 
082 |a 813.6  |9 NARRATIVA AMERICANA IN LINGUA INGLESE, 2000-  |2 23 
100 1 |a Aciman, André  |0 IT\ICCU\TO0V\384200  |4 aut 
240 1 0 |a Find me  |3 IT\ICCU\RAV\2100554  |9 Aciman, André 
245 1 0 |a Cercami :  |b [romanzo] /  |c André Aciman ; traduzione di Valeria Bastia. 
260 |a Milano :  |b Ugo Guanda,  |c 2019 
300 |a 278 p. ;  |c 22 cm 
700 1 |a Bastia, Valeria  |0 IT\ICCU\RAVV\398407  |4 trl 
830 0 |a Narratori della fenice  |0 IT\ICCU\ANA\0226784 
942 |2 ddc  |c BK  |n 0 
952 |0 0  |1 0  |4 0  |6 DOC_813_600000000000000_ACI  |7 0  |9 19520  |a BO  |b BO  |d 2026-01-15  |i 19230  |l 0  |o DOC 813.6 ACI  |p BO19230  |r 2026-01-15 23:20:53  |w 2026-01-15  |x [Sebina 5] [1 v.]  |y BK  |z 1 v. 
999 |c 16626  |d 16626